les clubs des 5 grands championnats 2021-2022 - Statistiques

Statistiques générales
  • Ce quiz a été pris 1 121 fois
  • Le résultat moyen est 50 sur 98
Statistiques - réponses
Championnat club % Correct
Ligue 1 Lyon
97%
premier League Manchester City
97%
premier League Manchester United
95%
Ligue 1 PSG
92%
Ligue 1 Marseille
91%
premier League Chelsea
90%
premier League Liverpool
90%
premier League Arsenal
87%
Liga Real Madrid
87%
Liga Fc Barcelone
84%
Serie A Inter Milan
80%
Serie A Milan AC
79%
Liga Atletico Madrid
78%
Bundesliga Bayer Leverkusen
78%
Serie A Juventus Turin
78%
Ligue 1 Lille
78%
premier League Aston Villa
77%
premier League Tottenham
77%
Ligue 1 Monaco
76%
Bundesliga Borussia Dortmund
75%
Ligue 1 Lens
74%
Ligue 1 Rennes
74%
Ligue 1 Nice
72%
Liga Fc seville
71%
Ligue 1 Nantes
71%
Bundesliga Bayern Munich
70%
Ligue 1 Saint Etienne
70%
Serie A Naples
69%
Ligue 1 Bordeaux
66%
Ligue 1 Brest
65%
Ligue 1 Montpellier
65%
Ligue 1 Strasbourg
65%
Serie A AS Rome
64%
Liga Athletic Bilbao
64%
premier League Leicester
62%
premier League West Ham
62%
Liga Real betis
61%
Ligue 1 Reims
61%
Serie A Lazio Rome
59%
premier League Newcastle
59%
Liga Valence
59%
Ligue 1 Metz
58%
Liga real sociedad
57%
premier League Everton
56%
Ligue 1 Lorient
55%
Ligue 1 Angers
53%
Ligue 1 Clermont
51%
Bundesliga RB leipzig
51%
premier League Wolverhampton
51%
premier League Brighton
49%
Liga Villareal
49%
Serie A Fiorentina
48%
premier League Crystal Palace
47%
premier League Leeds
45%
Serie A Atalanta
43%
premier League Southampton
41%
Bundesliga Union Berlin
41%
Serie A Torino
40%
Ligue 1 Troyes
39%
Bundesliga Wolfsbourg
39%
premier League Brentford
38%
premier League Burnley
37%
Bundesliga Stuttgart
37%
Serie A Bologna
36%
Bundesliga Eintracht Francfort
36%
Liga Getafe
35%
Liga Espanyol
34%
Liga Majorque
34%
Serie A Sassuolo
34%
Bundesliga cologne
31%
Serie A Genoa
31%
premier League Norwich
31%
Serie A Udinese
31%
Liga celta vigo
30%
Serie A Sampdoria
30%
Liga Rayo Vallecano
29%
Serie A Venezia
29%
Bundesliga Hoffenheim
28%
Bundesliga Fribourg
27%
Serie A Hellas verone
27%
Bundesliga Monchengladbach
27%
Serie A Cagliari
26%
Liga Cadix
25%
Bundesliga Mayence
25%
Liga Osasuna
25%
Liga Grenade
24%
Liga Levante
24%
premier League Watford
24%
Liga Deportivo Alaves
23%
Bundesliga Hertha berlin
22%
Liga Elche
20%
Serie A Empoli
20%
Bundesliga Augsbourg
18%
Serie A Salernitana
18%
Bundesliga Bochum
17%
Serie A Spezia
14%
Bundesliga Furth
9%
Bundesliga Bielefeld
8%
Aucun quiz correspondant
Distribution des résultats
% des personnes avec chaque résultat
Percentile par nombre de réponses
Votre historique - résultats
Vous n’avez pas pris ce quiz